An introduction to the study of the New Testament, (Record no. 4171)
[ view plain ]
| 000 -LEADER | |
|---|---|
| fixed length control field | 00784cam a22002531 4500 |
| 001 - CONTROL NUMBER | |
| control field | 7335117 |
| 003 - CONTROL NUMBER IDENTIFIER | |
| control field | GBCCL |
| 005 - DATE AND TIME OF LATEST TRANSACTION | |
| control field | 20241126110512.0 |
| 008 - FIXED-LENGTH DATA ELEMENTS--GENERAL INFORMATION | |
| fixed length control field | 720809s1927 xx 000 0 eng |
| 010 ## - | |
| -- | 28003699 |
| 035 ## - SYSTEM CONTROL NUMBER | |
| System control number | (OCoLC)376970 |
| 040 ## - CATALOGING SOURCE | |
| Original cataloging agency | DLC |
| Transcribing agency | ONowdM |
| Modifying agency | OCH |
| -- | DLC |
| 042 ## - | |
| -- | premarc |
| 050 00 - | |
| -- | BS2330 |
| -- | .M33 |
| 082 ## - DEWEY DECIMAL CLASSIFICATION NUMBER | |
| Classification number | 225.61 |
| Item number | MCN |
| 100 1# - MAIN ENTRY--PERSONAL NAME | |
| Personal name | McNeile, A. H. |
| Fuller form of name | (Alan Hugh), |
| Dates associated with a name | 1871-1933. |
| 9 (RLIN) | 4206 |
| 245 13 - TITLE STATEMENT | |
| Title | An introduction to the study of the New Testament, |
| Statement of responsibility, etc. | by A. H. McNeile. |
| 260 ## - PUBLICATION, DISTRIBUTION, ETC. | |
| Place of publication, distribution, etc. | Oxford, |
| Name of publisher, distributor, etc. | The Clarendon press, |
| Date of publication, distribution, etc. | 1927. |
| 300 ## - PHYSICAL DESCRIPTION | |
| Extent | 4 p. l., 478 p.,1 l. |
| Dimensions | 22 cm. |
| 504 ## - BIBLIOGRAPHY, ETC. NOTE | |
| Bibliography, etc. note | Contains bibliographies. |
| 630 00 - SUBJECT ADDED ENTRY--UNIFORM TITLE | |
| Uniform title | Bible. |
| Name of part/section of a work | New Testament |
| Form subdivision | Introductions. |
| 9 (RLIN) | 3504 |
| 906 ## - LOCAL DATA ELEMENT F, LDF (RLIN) | |
| a | 7 |
| b | cbc |
| c | oclcrpl |
| d | u |
| e | ncip |
| f | 19 |
| g | y-gencatlg |
| 942 ## - ADDED ENTRY ELEMENTS (KOHA) | |
| Source of classification or shelving scheme | Dewey Decimal Classification |
| Koha item type | Books |
| Koha issues (borrowed), all copies | 17 |
| Withdrawn status | Lost status | Source of classification or shelving scheme | Damaged status | Not for loan | Home library | Current Library | Shelving location | Date acquired | Total checkouts | Total renewals | Full call number | Barcode | Date last seen | Date last checked out | Copy number | Price effective from | Koha item type |
|---|---|---|---|---|---|---|---|---|---|---|---|---|---|---|---|---|---|
| Dewey Decimal Classification | GRACE BIBLE COLLEGE | GRACE BIBLE COLLEGE | Biblical Studies | 2018-01-16 | 17 | 1 | 225.61 MCN | 003393 | 2025-05-01 | 2023-02-08 | c.1 | 2018-01-16 | Books |